Statistics for Hardcore Geography

Click here to take the quiz!

General Stats

  • This quiz has been taken 80 times
  • The average score is 7 of 25

Answer Stats

Question Answer % Correct
What country is closest to 'St. Pierre and Miquelon'Canada
85%
How many escalators does Wyoming have?2
73%
How many main battle tanks does Mexico have?0
62%
What is probably the smallest city although having only about 800 inhabitants?Vatican City
55%
Besides the US, which two countries do not use the metric system?Liberia
48%
What is the oldest ruling head of state? (Hint: He's from Africa)Robert Mugabe
47%
Myanmar
45%
Which U.S. state has a city named 'Truth or Consequences'New Mexico
33%
Adamstown is the capital of which territory?Pitcairn Islands
33%
In which modern-day country was U.S. senator John McCain born?Panama
28%
How did James Cook call the Hawaiian islandsSandwich Islands
27%
The only which has the color purple in its flagDominica
22%
Which year marked the end of the British Empire to many?1997 (when Hong Kong became Chinese)
18%
What is the highest mountain in Antarctica?Mount Vinson
17%
Mount Obama is the highest mountain in which country?Antigua and Barbuda
15%
Which country does not use traffic lights?Bhutan
13%
What was the first country to recognize the independence of the United States of America?Morocco
10%
Which island nation has a volcano called "Kick 'em Jenny"?Grenada
10%
How do you call a person from Kiribati?I-Kiribati
8%
What is the Finnish word for 'drinking by yourself at your house in your underwear with no intention of going out'?Kalsarikännit
8%
What is the northernmost point of mainland Europe?Cape Nordkinn
5%
California 'city' with the alphabetically last street name in the world?Zzyzx
5%
What is the national animal of Equatorial Guinea?Giraffe
3%
How many stanzas has the Greek national anthem158
2%
Which Alaska town had a cat named Stubbs as its mayor until his death in 2017?Talkeetna
2%

Score Distribution

Percentile by Number Answered

Percent of People with Each Score

Your Score History

You have not taken this quiz